[Event "ITA-ch U16"]
[Site "Merano"]
[Date "2008.07.07"]
[Round "2"]
[White "Pomaro, Alberto"]
[Black "Azzolin, Lorenzo"]
[Result "1-0"]
[WhiteElo "2246"]
[BlackElo "1698"]
[PlyCount "83"]
[EventDate "2008.07.06"]
[EventType "swiss"]
[EventRounds "9"]
[EventCountry "ITA"]
[SourceTitle "EXT 2011"]
[Source "ChessBase"]
[SourceDate "2010.11.26"]
[SourceVersion "1"]
[SourceVersionDate "2010.11.26"]
[SourceQuality "1"]

1. e4 c5 2. Nf3 d6 3. d4 cxd4 4. Nxd4 Nf6 5. Nc3 g6 6. Be3 Bg7 7. f3 0-0 8. Qd2 Nc6 9. 0-0-0 Bd7 10. g4 Rc8 11. Kb1 Ne5 12. h4 Nc4 13. Bxc4 Rxc4 14. h5 Qa5 15. Nb3 Qc7 16. hxg6 fxg6 17. Bh6 Rf7 18. Bxg7 Rxg7 19. e5 Ne8 20. Rhe1 Bc6 21. Nd4 Rxd4 22. Qxd4 Bxf3 23. Rd3 Rf7 24. a4 dxe5 25. Qxa7 Bxg4 26. Nd5 Qc6 27. Qa5 e4 28. Rc3 Qd6 29. Ne3 Be6 30. Rd1 Qf4 31. Qd8 Kf8 32. a5 h5 33. Qd4 Rf6 34. b4 Nd6 35. Rc5 Qh6 36. b5 Nf5 37. Qd8+ Kf7 38. Nd5 Bxd5 39. Qxd5+ Re6 40. a6 bxa6 41. Rc6 Ng7 42. Rf1+ 1-0

[Event "Turbigo op"]
[Site "Turbigo"]
[Date "2008.05.11"]
[Round "5"]
[White "Azzolin, Lorenzo"]
[Black "Fizzotti, Mario"]
[Result "1/2-1/2"]
[WhiteElo "1638"]
[BlackElo "1833"]
[PlyCount "69"]
[EventDate "2008.05.08"]
[EventType "swiss"]
[EventRounds "5"]
[EventCountry "ITA"]
[SourceTitle "EXT 2011"]
[Source "ChessBase"]
[SourceDate "2010.11.26"]
[SourceVersion "1"]
[SourceVersionDate "2010.11.26"]
[SourceQuality "1"]

1. e4 e5 2. Nf3 Nf6 3. d4 Nxe4 4. Bd3 d5 5. Nxe5 Bd6 6. 0-0 0-0 7. Re1 c5 8. c3 Nc6 9. Nxc6 bxc6 10. h3 f5 11. Nd2 cxd4 12. cxd4 Qh4 13. Qf3 Nxf2 14. Qxf2 Bg3 15. Qe2 Qxd4+ 16. Qe3 Qxe3+ 17. Rxe3 f4 18. Rf3 Re8 19. b4 Re1+ 20. Nf1 g5 21. Bb2 Rxa1 22. Bxa1 g4 23. Bxh7+ Kxh7 24. hxg4 Bxg4 25. Rc3 Re8 26. Rxc6 Re1 27. Bc3 Rd1 28. Bd2 Be2 29. Rc1 Rxf1+ 30. Rxf1 Bxf1 31. Kxf1 Kg6 32. Ke2 Kf5 33. Kf3 d4 34. a3 Ke5 35. a4 1/2-1/2

[Event "Turbigo op"]
[Site "Turbigo"]
[Date "2008.05.10"]
[Round "3"]
[White "Azzolin, Lorenzo"]
[Black "Cervini, Gian Piero"]
[Result "1-0"]
[WhiteElo "1638"]
[BlackElo "1771"]
[PlyCount "67"]
[EventDate "2008.05.08"]
[EventType "swiss"]
[EventRounds "5"]
[EventCountry "ITA"]
[SourceTitle "EXT 2011"]
[Source "ChessBase"]
[SourceDate "2010.11.26"]
[SourceVersion "1"]
[SourceVersionDate "2010.11.26"]
[SourceQuality "1"]

1. e4 d6 2. d4 Nf6 3. Nc3 g6 4. f4 Bg7 5. Nf3 0-0 6. Be3 c6 7. Qd2 Ng4 8. Bg1 f5 9. 0-0-0 Qa5 10. Bc4+ Kh8 11. Ng5 Nh6 12. e5 d5 13. Be2 b5 14. a3 Na6 15. h4 Rb8 16. Na2 b4 17. Bxa6 Bxa6 18. Nxb4 Bb5 19. h5 Rb6 20. hxg6 hxg6 21. Ne6 Rfb8 22. Nc5 Bc4 23. Nd7 Rxb4 24. Nxb8 Be2 25. Nxc6 Qb5 26. Nxb4 Bxd1 27. Qxd1 Kg8 28. Qd3 Qd7 29. Qa6 Kf7 30. Bh2 e6 31. Nc6 Ke8 32. Qxa7 Qxc6 33. Qxg7 Ng4 34. Bg3 1-0

[Event "Turbigo op"]
[Site "Turbigo"]
[Date "2008.05.08"]
[Round "1"]
[White "Azzolin, Lorenzo"]
[Black "Colombo, Sandro"]
[Result "0-1"]
[WhiteElo "1638"]
[BlackElo "1853"]
[PlyCount "56"]
[EventDate "2008.05.08"]
[EventType "swiss"]
[EventRounds "5"]
[EventCountry "ITA"]
[SourceTitle "EXT 2011"]
[Source "ChessBase"]
[SourceDate "2010.11.26"]
[SourceVersion "1"]
[SourceVersionDate "2010.11.26"]
[SourceQuality "1"]

1. e4 c5 2. c3 d5 3. exd5 Qxd5 4. d4 e6 5. Nf3 Nf6 6. Be3 cxd4 7. Qxd4 Qxd4 8. Bxd4 Nc6 9. Bb5 Bd7 10. 0-0 a6 11. Bxc6 Bxc6 12. Ne5 Rc8 13. Nd2 Be7 14. Rfd1 0-0 15. Ndc4 Nd5 16. Na5 Rfd8 17. Naxc6 bxc6 18. c4 Nb4 19. Nf3 c5 20. Be3 Nxa2 21. h3 Nb4 22. Bd2 Bf6 23. Rdb1 Rc6 24. Ra4 Nd3 25. Bg5 Bxg5 26. Nxg5 Nb4 27. f3 f5 28. Re1 h6 0-1

[Event "Ceriano Laghetto op-B 17th"]
[Site "Ceriano Laghetto"]
[Date "2008.03.28"]
[Round "1"]
[White "Azzolin, Lorenzo"]
[Black "Moroni, Luca"]
[Result "0-1"]
[WhiteElo "1638"]
[BlackElo "1850"]
[PlyCount "66"]
[EventDate "2008.03.28"]
[EventType "swiss"]
[EventRounds "5"]
[EventCountry "ITA"]
[SourceTitle "EXT 2011"]
[Source "ChessBase"]
[SourceDate "2010.11.26"]
[SourceVersion "1"]
[SourceVersionDate "2010.11.26"]
[SourceQuality "1"]

1. e4 c5 2. c3 d5 3. exd5 Qxd5 4. d4 cxd4 5. cxd4 Nf6 6. Nc3 Qd8 7. Nf3 e6 8. Bb5+ Bd7 9. Qb3 Be7 10. 0-0 0-0 11. Be3 Nc6 12. Rac1 a6 13. Bxc6 Bxc6 14. Ne5 Bd5 15. Nxd5 Qxd5 16. Qxd5 Nxd5 17. Rc2 f6 18. Nd7 Rfd8 19. Nc5 Nxe3 20. fxe3 Bxc5 21. Rxc5 Rd7 22. Rfc1 Rad8 23. Rc8 Rxc8 24. Rxc8+ Kf7 25. Kf2 Kg6 26. Kf3 Rd5 27. Rc5 Rxc5 28. dxc5 Kf5 29. e4+ Ke5 30. Ke3 f5 31. exf5 exf5 32. b4 g5 33. a4 g4 0-1